| 000 | 00402nam a2200121Ia 4500 | ||
|---|---|---|---|
| 008 | 170221s9999 xx 000 0 und d | ||
| 100 | _aMelissa Barcena | ||
| 245 | 4 | _aThe End of the Imitation Age?: The Effect of Apple Inc. v. Samsung | |
| 245 | _cMelissa Barcena | ||
| 260 | _c2011 | ||
| 650 | _xBusiness | ||
| 856 | _uhttp://digitalcommons.pepperdine.edu/cgi/viewcontent.cgi?article=1096&context=jbel | ||
| 999 |
_c309799 _d309799 |
||